000 01881cam a22005414i 4500
003 PE-LiUPU
005 20260218163228.0
008 150706s2011 flu r b 000 0 spa d
020 _a9875678643
020 _a9789875678644
035 _a(Sirsi) i9789875678644
040 _aPE-LiUPU
_bspa
_cPE-LiUPU
_erda
041 1 _aspa
_heng
049 _aPRUA
050 _aBV4011.6
_b.A77 2012
082 0 4 _a253.2
_bA773s
_223
100 1 _aArrais, Jonas.,
_eautor.
245 1 0 _aSe busca un buen pastor :
_blas características, aptitudes y actitudes que todo líder de iglesia efectivo necesita poseer /
_cJonas Arrais ; dirigido por Walter E. Steger.
250 _aPrimera edición.
264 1 _aFlorida :
_bACES,
_c2011.
300 _a112 páginas ;
_c21 centimetros
336 _atext
_2rdacontent
337 _aunmediated
_2rdamedia
338 _avolume
_2rdacarrier
505 0 _aLa esencia de un Pastor -- Un predicador efectivo -- Un líder espiritual -- Un pastor de oración -- Un pastor enfocado en las relaciones interpersonales -- Una familia fuerte -- Un visitador excepcional -- Los seis elementos del a visitación -- Pasión por la misión.
526 _aSEG42
526 _aSEG41
526 _aSEG40
526 _aSEG39
526 _aP94
526 _aP87
526 _aP86
526 _aP85
526 _aP77
526 _aP76
526 _aP35
534 _pTítulo original :
_tWanted: a good pastor, .
650 1 4 _aPastores (Cristianismo)
_93823
650 2 4 _aTeología pastoral
_91381
650 2 4 _aLiderazgo cristiano.
650 2 4 _aTrabajo pastoral.
_94262
910 _abgr
942 _2ddc
_cBK
980 _818226
_gJaime Vilcazán Jefe de Análisis Documental
999 _c54939 | 2 | 1
_d54939